000 00533nam a2200169 a 4500
001 000039807
005 20201002033739.0
008 130722s1961 sp a 000 0 spa d
040 _aDO-SdBNP
_bspa
_cBNPHU
082 _axxx
100 1 _aSchneider, Wolf
_966003
240 1 0 _aÜberall ist Babylon
_lespañol
245 1 4 _aLas ciudades y sus hombres /
_cWolf Schneider ; traducción Juan Godo Costa.
260 _aBarcelona, España :
_bNoguer,
_c1961.
300 _a526 p. :
_bil. ;
_c23 cm.
700 1 _aGodo Costa, Juan,
_etr.
_951396
999 _c39297
_d39297